Sitios de UNESCO de España en un mapa - Estadísticas

Estadísticas generales
  • Esta prueba ha sido intentada 1.620 veces
  • La puntuación promedio es 23 de 49
Respuestas en el mapa
Las respuestas están codificadas por una escala verde-roja en el mapa de la prueba según el % correcto abajo.
 
Estadísticas de respuestas
Respuesta % Correcto
Alhambra, Generalife y Albaicín de Granada
84%
Ciudad histórica de Toledo
65%
Catedral de Burgos
63%
Arquitectura mudéjar de Aragón
61%
Catedral, alcázar y Archivo de Indias de Sevilla
61%
Lonja de la seda de Valencia
61%
Ibiza, biodiversidad y cultura
60%
Ciudad vieja de Cáceres
59%
Palmeral de Elche
58%
Centro histórico de Córdoba
57%
Ciudad histórica fortificada de Cuenca
57%
Monasterio y sitio de El Escorial en Madrid
57%
Parque Nacional del Teide
57%
Pirineos - Monte Perdido
56%
Ciudad vieja y acueducto de Segovia
55%
Conjunto arqueológico de Mérida
55%
Ciudad vieja de Salamanca
54%
Menorca talayótica
54%
Ciudad vieja de Santiago de Compostela
53%
Paseo del Prado y el Buen Retiro
53%
Ciudad vieja de Ávila e iglesias extramuros
51%
Muralla romana de Lugo
51%
Paisaje cultural del Risco Caído y montañas sagradas de Gran Canaria
51%
Caminos de Santiago de Compostela
50%
Monumentos de Oviedo y del reino de Asturias
50%
Puente de Vizcaya
50%
Parque Nacional de Doñana
49%
Conjunto arqueológico de Tarragona
48%
Universidad y recinto histórico de Alcalá de Henares
47%
Conjuntos monumentales renacentistas de Úbeda y Baeza
46%
Torre de Hércules
45%
Paisaje cultural de Aranjuez
44%
San Cristóbal de La Laguna
43%
Obras de Antoni Gaudí
41%
Dólmenes de Antequera
38%
Iglesias románicas catalanas de Vall del Boí
38%
El Paisaje Cultural de la Serra de Tramuntana
37%
Bosques antiguos y primarios de hayas de Europa
36%
Las Médulas
36%
Palau de la Música Catalana y hospital de Sant Pau
36%
Parque Nacional de Garajonay
36%
Cueva de Altamira y arte rupestre paleolítico del norte de España
33%
Monasterio de Poblet
31%
Ciudad califal de Medina Azahara
29%
Sitio arqueológico de Atapuerca
29%
Monasterios de San Millán de Yuso y de Suso
26%
Real Monasterio de Santa María de Guadalupe
24%
Patrimonio del mercurio (Almadén e Idria)
23%
Sitios de arte rupestre prehistórico del Valle del Côa y de Siega Verde
17%
No se encontraron pruebas coincidentes
Distribución de puntuación
Porcentaje de gente con cada puntuación
Porcentaje por número respondido
Historial de tus puntuaciones
No has intentado esta prueba.